Руководящие материалы по библиотечному делу: справочник

Podrobná bibliografie
Korporativní autor: Министерство культуры СССР Управление по делам библиотек
Další autoři: Кондратьева Г. А. (составитель), Лебедева Н. Ф. (редактор), Лесохина В. С.
Shrnutí:Исключено из фонда НТБ ТПУ
Jazyk:ruština
Vydáno: Москва, Книжная палата, 1988
Médium: MixedMaterials Kniha
KOHA link:https://koha.lib.tpu.ru/cgi-bin/koha/opac-detail.pl?biblionumber=106291

MARC

LEADER 00000nam0a2200000 4500
001 106291
005 20231031114832.0
010 |a 5700000504 
035 |a (RuTPU)RU\TPU\book\114697 
035 |a RU\TPU\book\75421 
090 |a 106291 
100 |a 20061204d1988 km y0rusy50 ca 
101 0 |a rus 
102 |a RU 
105 |a y g 000zy 
200 1 |a Руководящие материалы по библиотечному делу  |e справочник  |f Министерство культуры СССР, Управление по делам библиотек; сост. Г. А. Кондратьева, Н. Ф. Лебедева; под ред. В. С. Лесохиной 
210 |a Москва  |c Книжная палата  |d 1988 
215 |a 288 с. 
333 |a Исключено из фонда НТБ ТПУ 
702 1 |a Кондратьева  |b Г. А.  |4 220 
702 1 |a Лебедева  |b Н. Ф.  |4 220 
702 1 |a Лесохина  |b В. С.  |4 340 
712 0 2 |a Министерство культуры СССР  |b Управление по делам библиотек 
801 1 |a RU  |b 63413507  |c 20041201  |g PSBO 
801 2 |a RU  |b 63413507  |c 20161202  |g PSBO 
942 |c BK